| 000 | 00532nam a22001697a 4500 | ||
|---|---|---|---|
| 005 | 20120425151655.0 | ||
| 020 |
_a8187140070 _c90.00 |
||
| 035 | _aB-78869 | ||
| 037 |
_aDPL _bENG |
||
| 100 |
_aJain, T.R. _945750 |
||
| 245 |
_aElementary statistics / _cby T.R. Jain and V.K. Ohri |
||
| 260 |
_aNew Delhi _bV K Publications _c2004 |
||
| 300 |
_a320p. _c24 cms. |
||
| 700 |
_aOhri, V.K. _945751 |
||
| 942 |
_2ddc _cEN _h310 _mJAI |
||
| 999 |
_c65634 _d65634 |
||